A Brief Illustrated Guide To Understanding Islam (Record no. 11043)

MARC details
000 -LEADER
fixed length control field 00665nam a2200253 a 4500
001 - CONTROL NUMBER
control field 0001-1043
003 - CONTROL NUMBER IDENTIFIER
control field ELIB.Books
008 - FIXED-LENGTH DATA ELEMENTS--GENERAL INFORMATION
fixed length control field 141121 2010 eng
020 ## - INTERNATIONAL STANDARD BOOK NUMBER
International Standard Book Number 9960340112
035 ## - SYSTEM CONTROL NUMBER
System control number (ELIB.Books)0001-1198
092 ## - LOCALLY ASSIGNED DEWEY CALL NUMBER (OCLC)
Classification number 297
Item number Ibr
100 ## - MAIN ENTRY--PERSONAL NAME
Personal name Ibrahim, I. A.
245 ## - TITLE STATEMENT
Title A Brief Illustrated Guide To Understanding Islam
250 ## - EDITION STATEMENT
Edition statement Second Edition
260 ## - PUBLICATION, DISTRIBUTION, ETC. (IMPRINT)
Place of publication, distribution, etc. Houston:
Name of publisher, distributor, etc. Darussalam
Date of publication, distribution, etc. 1997
300 ## - PHYSICAL DESCRIPTION
Extent 74
Dimensions 21.5 Cm
500 ## - GENERAL NOTE
General note Taylor, Saw.
650 ## - SUBJECT ADDED ENTRY--TOPICAL TERM
Topical term or geographic name as entry element Islam: Religion
856 ## - ELECTRONIC LOCATION AND ACCESS
Name of location of host KBTS; Library
Uniform Resource Identifier <a href="KBTS; Elib.">KBTS; Elib.</a>
942 ## - ADDED ENTRY ELEMENTS (KOHA)
Source of classification or shelving scheme Dewey Decimal Classification
Koha item type Books
990 ## - EQUIVALENCES OR CROSS-REFERENCES [LOCAL, CANADA]
Link information for 9XX fields 1
998 ## - LOCAL CONTROL INFORMATION (RLIN)
Cataloger's initials, CIN (RLIN) bat
-- 2014-11-21
-- cat
-- 2018-11-15
Holdings
Withdrawn status Lost status Source of classification or shelving scheme Damaged status Not for loan Home library Current library Date acquired Total Checkouts Barcode Date last seen Bill Date Koha item type
    Dewey Decimal Classification     Karen Baptist Theological Seminary Library Karen Baptist Theological Seminary Library 21/11/2014   E000014873 22/01/2022 22/01/2022 Books
Implemented & Customized by: BestBookBuddies

Powered by Koha